000
00434nam a2200145Ia 4500
008
090124s9999 xx 000 0 und d
082
_b
401744
245
_a
सोनेरी फुलपाखरु
250
_a
1
260
_b
भागवत लीलावती
_c
1984
300
_a
84
630
_a
सोनेरी फुलपाखरु
730
_a
सोनेरी फुलपाखरु
942
_c
BOOK
999
_c
198128
_d
198128